000 00925pam a2200217 a 4500
020 _a0792312678 (U.S. : alk. paper)
082 0 0 _a624.1832
_bADV
_cL-37, P-25
245 1 0 _aAdvances in rockfill structures /
_cedited by E. Maranha das Neves.
260 _aDordrecht ;
_aBoston :
_bKluwer Academic,
_cc1991.
300 _axxviii, 664 p. :
_bill. ;
_c25 cm.
490 1 _aNATO ASI series. Series E, Applied sciences ;
500 _a"Based on the NATO Advanced Study Institute on Advances in Rockfill Structures, Lisbon, Portugal, 18-29 June 1990"--T.p. verso.
500 _a"Published in cooperation with NATO Scientific Affairs Division."
526 _a0
_b0
_c0
_d624_183200000000000_ADV
650 0 _aEarth dams
_xCongresses.
_947373
650 0 _aMCE
_9379
650 0 _aRockfills
_xCongresses.
_947374
700 1 _aNeves, E. Maranha das
_947375
710 2 _aNorth Atlantic Treaty Organization.
_942905
942 _2ddc
_cBK
999 _c550641
_d550641